000 00507 a2200193 4500
005 20260414112924.0
008 260413b |||||||| |||| 00| 0 eng d
020 _a9789367130735
_cRs. 1160.00
040 _aMAIN
082 _a005.133
_bH78C(13)
100 _aHorstmann, Cay S
245 _aCore java, V1: Fundamentals
250 _a13th
260 _bPearson India
_c2026
_aNoida
300 _axx, 663
650 _aComputer Science
650 _aJava- Computer Programming Language
942 _cBK
999 _c397198
_d397198